LEADER 00963nam a2200241 i 4500 001 000000069178 003 CaOOAMICUS 005 20251014135415.0 008 140820s1967 xxk u000 u eng u 040 $aSeMil$bita 100 1 $aBorsch, Frederick Houk,$d<1935- >.$0(OLS)http://semarc/name/34574 245 14$aThe Son of man in myth and history /$cFrederick Houk Borsch. 260 $aLondon :$bSCM Press,$c1967. 300 $a431 p. ;$c23 cm. 490 0 $aNew Testament Library 650 4$aGesł Cristo - Natura umana.$0(OLS)http://semarc/subject/48190 830 4$aThe New Testament library.$0(OLS)http://semarc/title/40152 850 $aSeMil 852 $aSeMil$W1$xVenegono$y1$m2YA T 2$j263189$B35331$CSeMilBibl$Z2$F35334 $81 961 $aAcquisto: Casa editrice 996 $6245$aThe Son of man in myth and history$9(OLS)http://semarc/title/110687 996 $6260$aLondon :$bSCM Press$9(OLS)http://semarc/publisher/34364 LEADER 00769nam a2200193 i 4500 001 000000228581 003 CaOOAMICUS 005 20140403000000.0 008 140403s1824 it u000 u ita u 013 $a207483 026 $asio- a.o- n-to assi (7) 1824 (A) 040 $aSeMil$bita 245 10$aVol. 20. 300 $a375, [1] p., [1] carta di tav. 773 0 $aOrsi, Giuseppe Agostino $tStoria ecclesiastica del cardinale Giuseppe Agostino Orsi accademico della Crusca.$dVenezia : Presso Giuseppe Battaggia : co' tipi di G. Picotti, 1822-1826.$g20$w()29661 850 $aSeMil 852 $aSeMil$W1$xVenegono$y1$m3A I 105 FA$j178927$B178927$CSeMilBibl$Z2$F189964 $8I 961 $aRecupero: Altro 996 $6245$aVol. 20$9(OLS)http://semarc/title/298829